Statistics for Largest Countries that ... #1

Click here to take the quiz!

General Stats

  • This quiz has been taken 107 times
  • The average score is 89 of 100

Answer Stats

QuestionTileSelect% Correct
Landlocked countries (3 answers)ArgentinaNo
99%
Landlocked countries (3 answers)AustraliaNo
99%
Landlocked countries (3 answers)BrazilNo
99%
Landlocked countries (3 answers)CanadaNo
99%
Countries with population over 100 million (7 answers)ChadNo
99%
Landlocked countries (3 answers)IndiaNo
99%
Landlocked countries (3 answers)IndonesiaNo
99%
Countries with population over 100 million (7 answers)KazakhstanNo
99%
Landlocked countries (3 answers)MexicoNo
99%
Countries with population over 100 million (7 answers)PeruNo
99%
Landlocked countries (3 answers)RussiaNo
99%
Landlocked countries (3 answers)United StatesNo
99%
Landlocked countries (3 answers)AlgeriaNo
98%
Countries with population over 100 million (7 answers)AlgeriaNo
98%
Landlocked countries (3 answers)ChinaNo
98%
Landlocked countries (3 answers)LibyaNo
98%
Countries with population over 100 million (7 answers)LibyaNo
98%
Countries with population over 100 million (7 answers)MongoliaNo
98%
Landlocked countries (3 answers)Saudi ArabiaNo
98%
Countries with population over 100 million (7 answers)Saudi ArabiaNo
98%
Predominantly Spanish speaking countries (3 answers)AustraliaNo
97%
Predominantly Spanish speaking countries (3 answers)CanadaNo
97%
Predominantly Spanish speaking countries (3 answers)ChadNo
97%
Predominantly Spanish speaking countries (3 answers)ChinaNo
97%
Countries that border 0, 1 or 2 other countries (4 answers)Democratic Republic of the CongoNo
97%
Predominantly Spanish speaking countries (3 answers)Democratic Republic of the CongoNo
97%
Predominantly Spanish speaking countries (3 answers)IndiaNo
97%
Countries that border 0, 1 or 2 other countries (4 answers)IndiaNo
97%
Predominantly Spanish speaking countries (3 answers)IndonesiaNo
97%
Landlocked countries (3 answers)IranNo
97%
Predominantly Spanish speaking countries (3 answers)IranNo
97%
Predominantly Spanish speaking countries (3 answers)KazakhstanNo
97%
Predominantly Spanish speaking countries (3 answers)LibyaNo
97%
Predominantly Spanish speaking countries (3 answers)MongoliaNo
97%
Landlocked countries (3 answers)PeruNo
97%
Predominantly Spanish speaking countries (3 answers)RussiaNo
97%
Countries that border 0, 1 or 2 other countries (4 answers)Saudi ArabiaNo
97%
Predominantly Spanish speaking countries (3 answers)Saudi ArabiaNo
97%
Countries that border 0, 1 or 2 other countries (4 answers)SudanNo
97%
Predominantly Spanish speaking countries (3 answers)SudanNo
97%
Countries with population over 100 million (7 answers)AustraliaNo
96%
Countries that border 0, 1 or 2 other countries (4 answers)BrazilNo
96%
Countries that border 0, 1 or 2 other countries (4 answers)ChadNo
96%
Countries that border 0, 1 or 2 other countries (4 answers)ChinaNo
96%
Countries that border 0, 1 or 2 other countries (4 answers)KazakhstanNo
96%
Countries that border 0, 1 or 2 other countries (4 answers)LibyaNo
96%
Countries that border 0, 1 or 2 other countries (4 answers)RussiaNo
96%
Countries with population over 100 million (7 answers)SudanNo
96%
Predominantly Spanish speaking countries (3 answers)AlgeriaNo
95%
Countries with population over 100 million (7 answers)ArgentinaNo
95%
Predominantly Spanish speaking countries (3 answers)BrazilNo
95%
Countries with population over 100 million (7 answers)CanadaNo
95%
Countries that border 0, 1 or 2 other countries (4 answers)IranNo
95%
Predominantly Spanish speaking countries (3 answers)United StatesNo
94%
Countries that border 0, 1 or 2 other countries (4 answers)AlgeriaNo
92%
Landlocked countries (3 answers)KazakhstanYes
92%
Countries that border 0, 1 or 2 other countries (4 answers)PeruNo
92%
Countries that border 0, 1 or 2 other countries (4 answers)ArgentinaNo
91%
Countries with population over 100 million (7 answers)ChinaYes
91%
Countries with population over 100 million (7 answers)United StatesYes
91%
Countries with population density under the world average of 15 per km^2 (7 answers)IndiaNo
90%
Predominantly Spanish speaking countries (3 answers)MexicoYes
90%
Countries with population density under the world average of 15 per km^2 (7 answers)MexicoNo
90%
Predominantly Spanish speaking countries (3 answers)ArgentinaYes
89%
Countries with population over 100 million (7 answers)BrazilYes
89%
Countries with population density under the world average of 15 per km^2 (7 answers)ChinaNo
89%
Countries with population density under the world average of 15 per km^2 (7 answers)IndonesiaNo
89%
Countries with population density under the world average of 15 per km^2 (7 answers)BrazilNo
88%
Countries with population over 100 million (7 answers)IranNo
88%
Countries with population density under the world average of 15 per km^2 (7 answers)IranNo
87%
Countries with population density under the world average of 15 per km^2 (7 answers)United StatesNo
87%
Countries that border 0, 1 or 2 other countries (4 answers)CanadaYes
86%
Countries with population over 100 million (7 answers)IndiaYes
86%
Landlocked countries (3 answers)MongoliaYes
86%
Countries with population over 100 million (7 answers)RussiaYes
85%
Countries that border 0, 1 or 2 other countries (4 answers)United StatesYes
85%
Predominantly Spanish speaking countries (3 answers)PeruYes
84%
Countries with population density under the world average of 15 per km^2 (7 answers)Democratic Republic of the CongoNo
82%
Countries with population over 100 million (7 answers)Democratic Republic of the CongoNo
82%
Countries with population density under the world average of 15 per km^2 (7 answers)PeruNo
82%
Countries with population over 100 million (7 answers)IndonesiaYes
81%
Countries that border 0, 1 or 2 other countries (4 answers)IndonesiaNo
81%
Countries with population density under the world average of 15 per km^2 (7 answers)MongoliaYes
81%
Landlocked countries (3 answers)SudanNo
81%
Countries with population density under the world average of 15 per km^2 (7 answers)ArgentinaNo
78%
Landlocked countries (3 answers)Democratic Republic of the CongoNo
77%
Countries that border 0, 1 or 2 other countries (4 answers)MexicoNo
77%
Countries that border 0, 1 or 2 other countries (4 answers)AustraliaYes
76%
Countries with population density under the world average of 15 per km^2 (7 answers)CanadaYes
74%
Countries with population density under the world average of 15 per km^2 (7 answers)AustraliaYes
70%
Countries with population density under the world average of 15 per km^2 (7 answers)KazakhstanYes
70%
Landlocked countries (3 answers)ChadYes
69%
Countries with population over 100 million (7 answers)MexicoYes
69%
Countries with population density under the world average of 15 per km^2 (7 answers)SudanNo
68%
Countries that border 0, 1 or 2 other countries (4 answers)MongoliaYes
63%
Countries with population density under the world average of 15 per km^2 (7 answers)RussiaYes
61%
Countries with population density under the world average of 15 per km^2 (7 answers)AlgeriaNo
58%
Countries with population density under the world average of 15 per km^2 (7 answers)LibyaYes
56%
Countries with population density under the world average of 15 per km^2 (7 answers)Saudi ArabiaNo
54%
Countries with population density under the world average of 15 per km^2 (7 answers)ChadYes
44%

Score Distribution

Percentile by Number Answered

Percent of People with Each Score

Your Score History

You have not taken this quiz